Ponencias del primer encuentro interreligioso de reflexión y oración sobre el sentido del sufrimiento humano
Na minha lista:
| Autor principal: | |
|---|---|
| Formato: | Livro |
| Idioma: | espanhol |
| Publicado em: |
Santiago
Interamericana
2006
|
| Assuntos: | |
| Tags: |
Adicionar Tag
Sem tags, seja o primeiro a adicionar uma tag!
|
MARC
| LEADER | 00000nam a2200000 a 4500 | ||
|---|---|---|---|
| 001 | UCI6656 | ||
| 003 | CL-VaPUC | ||
| 005 | 20250227152808.0 | ||
| 008 | 080516e20060000cl 1 spa d | ||
| 082 | 0 | 4 | |a 262.91 |b LIR |2 21 |
| 100 | 1 | |a Lira Valdés, Magdalena |e author |9 621199 | |
| 245 | 1 | 0 | |a Ponencias del primer encuentro interreligioso de reflexión y oración sobre el sentido del sufrimiento humano |
| 260 | |a Santiago |b Interamericana |c 2006 | ||
| 300 | |a 63 p | ||
| 583 | |a last modification |c 20080516 00:00:00 |k Rodrigo Vera | ||
| 650 | 0 | 0 | |a Encíclicas papales |9 314532 |
| 650 | 0 | 7 | |a SUFRIMIENTO |2 CL-VaPUC |9 323030 |
| 650 | 0 | 0 | |a Cristología |9 315091 |
| 650 | 0 | 0 | |a Vida espiritual |9 307811 |
| 942 | |c BK | ||
| 945 | |a jtorresc |d 20080516 00:00:00 | ||
| 546 | |a En Español | ||
| 536 | |a Centro de Estudios Tomistas | ||
| 518 | |p Encuentro Interreligioso de Reflexión y Oración sobre el Sentido del Sufrimiento Humano, 1, Santiago, 12 y 13 de noviembre de 2002 | ||
| 999 | |c 384356 |d 384354 | ||
| 952 | |0 0 |1 0 |4 0 |6 262_910000000000000_LIR_2006 |7 0 |8 A |9 507021 |a BIBTEO |b BIBTEO |d 2020-01-23 |i 4440420 |o 262.91 LIR 2006 |p 4440420 |r 2025-01-17 |w 2020-01-23 |y BK |k ICR | ||